| 000 | 01200nam a22003497a 4500 | ||
|---|---|---|---|
| 003 | CHAP | ||
| 005 | 20220329134337.0 | ||
| 008 | 971013s1954 r 00010 d | ||
| 010 | _a19061 | ||
| 011 | _a20033 | ||
| 035 | _a24120 | ||
| 040 | _cCHAP | ||
| 082 |
_a630.972 _bA5 |
||
| 100 | 0 | 0 |
_aAlzate y Ramírez, José Antonio. _95049 |
| 245 | _aAlzate y la agronomía de la Nueva España. Recopilación y prólogo de Luis Chávez Orozco | ||
| 260 |
_aMéxico, D.F., : _bBanco Nacional de Crédito Agrícola y Ganadero, _c1954 |
||
| 300 | _a34 p | ||
| 490 |
_aPublicaciones _v; 7 |
||
| 590 |
_aBATCH-UPD _b10 _c20130109 _lUCH01 _h2335 |
||
| 590 |
_aBATCH-UPD _b10 _c20130110 _lUCH01 _h0111 |
||
| 590 |
_aBATCH-UPD _b10 _c20130110 _lUCH01 _h1144 |
||
| 590 |
_aBATCH-UPD _b10 _c20130409 _lUCH01 _h1903 |
||
| 590 |
_aBATCH-UPD _b10 _c20130410 _lUCH01 _h0729 |
||
| 590 |
_aBATCH-UPD _b10 _c20130914 _lUCH01 _h0039 |
||
| 590 |
_aCONVERSION _b10 _c20130109 _lUCH01 _h1312 |
||
| 650 | 1 | 4 |
_aAgricultura _zMéxico. _91932 |
| 700 | 0 |
_aChávez Orozco, Luis. _922749 |
|
| 830 | 0 |
_aPublicaciones _v; 7 _992668 |
|
| 901 | _aBK | ||
| 942 | _cLIBRO | ||
| 949 |
_a630.972 A5 _bBC _cLIBRO _d33724000048112 _eLIBRO _h20379 _i24120 _si |
||
| 999 |
_c19061 _d19061 |
||